| 000 | 00671nam a2200229 a 4500 | ||
|---|---|---|---|
| 001 | 13639 | ||
| 003 | BD-JhCC | ||
| 005 | 20240312134731.0 | ||
| 008 | 240312b 2017b |||| ||a| 000 0 b d | ||
| 020 | _a9847012006504 | ||
| 035 | _a(BD-JhCC)13639 | ||
| 040 |
_aBD-JhCC _dBD-JhCC |
||
| 041 | _abengali | ||
| 082 |
_a891.4435 _bALA 2017 |
||
| 100 | _aআলম, স.ম. শামসুল | ||
| 245 |
_aকিশোর গল্প সমাহার _bস.ম. শামসুল আলম, |
||
| 260 |
_aঢাকা: _bকথা প্রকাশ; _c2017. |
||
| 300 |
_a175 p. : _c22 cm. |
||
| 650 | _aBengali Short Stories | ||
| 942 |
_2ddc _cBK |
||
| 999 |
_c13639 _d13639 |
||